000 00512nam a2200193Ia 4500
005 20250508154947.0
008 008 250505s9999 xx 000 0 eng d
037 _aReference
040 _aFEDL
_beng
_cFEDL
041 _aeng
_2eng
084 _a155, HUR
_qFEDL
100 _aHurlock Elizabeth B
245 0 _aDevelopmental psychology
250 _a3
260 _aNew York, USA
_bMcGraw-Hill Book Company
_c1968
300 _aix,926p
942 _cREF
_h155, HUR
999 _c1353145
_d1353145